00940cam a22002897a 4500003000500000005001700005008004100022010001000063011001000073035001000083040000900093082001600102100002700118245003100145260004300176300002000219590004100239590004100280590004200321650002300363700002900386901000700415942001000422949006500432999001700497952013600514CHAP20220329140048.0971013s1945 r 00010 d a46395 a47367 a51509 cCHAP a589.23bT4600aThom, Charles.911280012aA manual of the aspergilli aBaltimore :bWilliams & Wilkins,c1945 a373 p.b: ilus. aBATCH-UPDb10c20130110lUCH01h0226 aBATCH-UPDb10c20130110lUCH01h2108 aCONVERSIONb10c20130109lUCH01h132514aAspergillus.981180 aRaper, Kenneth B.994683 aBK cLIBRO a589.23 T46bBCcLIBROd33724000374120eLIBROh1654i51509si c46395d46395 00102ddc4052708GRALaBCbBCcPA_GRALd2019-12-31fLIBROl0o589.23 T46p33724000374120r2019-12-31 00:00:00w2019-12-31yLIBRO